Forecasting proceedings of the Institute of statisticians annual conference, Cambridge 1976
Uložené v:
| Ďalší autori: | |
|---|---|
| Médium: | Kniha |
| Jazyk: | English |
| Vydavateľské údaje: |
Amsterdam
North-Holland Publishing Company
1980
|
| Tagy: |
Žiadne tagy, Buďte prvý, kto otaguje tento záznam!
|
MARC
| LEADER | 00000nam a2200000 4500 | ||
|---|---|---|---|
| 001 | c131804 | ||
| 005 | 20041019155253.4 | ||
| 041 | 0 | |a eng | |
| 044 | |a NL | ||
| 245 | 1 | 0 | |a Forecasting |b proceedings of the Institute of statisticians annual conference, Cambridge 1976 |c Ed. by O.D. Anderson |
| 264 | 1 | |a Amsterdam |b North-Holland Publishing Company |c 1980 | |
| 300 | |a 279 s. | ||
| 700 | 1 | |a Anderson, O.D. | |